<?xml version="1.0" encoding="UTF-8"?>
<record
    xmlns:xsi="http://www.w3.org/2001/XMLSchema-instance"
    xsi:schemaLocation="http://www.loc.gov/MARC21/slim http://www.loc.gov/standards/marcxml/schema/MARC21slim.xsd"
    xmlns="http://www.loc.gov/MARC21/slim">

  <leader>02628cam a2200325 i 4500</leader>
  <controlfield tag="003">CUTN</controlfield>
  <controlfield tag="005">20251209142741.0</controlfield>
  <controlfield tag="008">210802s2022    ilu           000 0 eng  </controlfield>
  <datafield tag="020" ind1=" " ind2=" ">
    <subfield code="a">9781492596998</subfield>
  </datafield>
  <datafield tag="020" ind1=" " ind2=" ">
    <subfield code="z">9781492597001</subfield>
  </datafield>
  <datafield tag="020" ind1=" " ind2=" ">
    <subfield code="z">9781492597018</subfield>
  </datafield>
  <datafield tag="041" ind1=" " ind2=" ">
    <subfield code="a">English</subfield>
  </datafield>
  <datafield tag="042" ind1=" " ind2=" ">
    <subfield code="a">pcc</subfield>
  </datafield>
  <datafield tag="082" ind1="0" ind2="0">
    <subfield code="a">613.71</subfield>
    <subfield code="2">23</subfield>
    <subfield code="b">EXE</subfield>
  </datafield>
  <datafield tag="245" ind1="0" ind2="0">
    <subfield code="a">Exercise technique manual for resistance training /</subfield>
    <subfield code="c">National Strength and Conditioning Association.</subfield>
  </datafield>
  <datafield tag="250" ind1=" " ind2=" ">
    <subfield code="a">Fourth edition.</subfield>
  </datafield>
  <datafield tag="260" ind1=" " ind2=" ">
    <subfield code="a">Champaign, IL :</subfield>
    <subfield code="b">Human Kinetics, </subfield>
    <subfield code="c">2022.</subfield>
  </datafield>
  <datafield tag="300" ind1=" " ind2=" ">
    <subfield code="a">xv, 261 pages :</subfield>
    <subfield code="b">color illustrations ;</subfield>
    <subfield code="c">29 cm</subfield>
  </datafield>
  <datafield tag="505" ind1=" " ind2=" ">
    <subfield code="a">Total Body
Power and Explosive Exercises
Lower Body
Hip and Thigh (Multijoint) Exercises
Hip and Thigh (Single-joint) Exercises
Calf (Single-Joint) Exercises
Upper Body
Chest (Multijoint) Exercises
Chest (Single-Joint) Exercises
Back (Multijoint) Exercises
Back (Single-Joint) Exercises
Shoulder (Multijoint) Exercises
Shoulder (Single-Joint) Exercises
Biceps (Single-Joint) Exercises
Triceps (Single-Joint) Exercises
Forearm (Single-Joint) Exercises
Anatomical Core
Anatomical Core Exercises
Alternative Modes and Nontraditional Implements
Exercises Using Alternative Modes and Nontraditional Implements</subfield>
  </datafield>
  <datafield tag="520" ind1=" " ind2=" ">
    <subfield code="a">"This is a resource for strength and conditioning professionals, health and fitness instructors, and personal trainers who use resistance training exercises in their own programs or in programs designed for others. College and university faculty and students will find that this manual and the online video clips complement hands-on instruction and aid in teaching exercise technique without requiring the use of a weight room. Further, this manual is a primary preparation resource for those preparing for NSCA's Certified Strength and Conditioning Specialist (CSCS), NSCA-Certified Personal Trainer (NSCA-CPT), Certified Special Population Specialist (CSPS), and Tactical Strength and Conditioning-Facilitator (TSAC-F) certification exams"--</subfield>
  </datafield>
  <datafield tag="650" ind1=" " ind2="0">
    <subfield code="a">Weight training.</subfield>
  </datafield>
  <datafield tag="650" ind1=" " ind2="0">
    <subfield code="a">Free weights.</subfield>
  </datafield>
  <datafield tag="650" ind1=" " ind2="0">
    <subfield code="a">Exercise.</subfield>
  </datafield>
  <datafield tag="650" ind1=" " ind2="0">
    <subfield code="a">Personal trainers.</subfield>
  </datafield>
  <datafield tag="710" ind1="2" ind2=" ">
    <subfield code="a">National Strength &amp; Conditioning Association (U.S.)</subfield>
  </datafield>
  <datafield tag="776" ind1="0" ind2="8">
    <subfield code="i">Online version:</subfield>
    <subfield code="t">Exercise technique manual for resistance training</subfield>
    <subfield code="b">Fourth edition.</subfield>
    <subfield code="d">Champaign, IL : Human Kinetics, [2022]</subfield>
    <subfield code="z">9781492597001</subfield>
    <subfield code="w">(DLC) 2021037962</subfield>
  </datafield>
  <datafield tag="906" ind1=" " ind2=" ">
    <subfield code="a">7</subfield>
    <subfield code="b">cbc</subfield>
    <subfield code="c">orignew</subfield>
    <subfield code="d">1</subfield>
    <subfield code="e">ecip</subfield>
    <subfield code="f">20</subfield>
    <subfield code="g">y-gencatlg</subfield>
  </datafield>
  <datafield tag="942" ind1=" " ind2=" ">
    <subfield code="2">ddc</subfield>
    <subfield code="c">BOOKS</subfield>
  </datafield>
  <datafield tag="999" ind1=" " ind2=" ">
    <subfield code="c">46335</subfield>
    <subfield code="d">46335</subfield>
  </datafield>
  <datafield tag="952" ind1=" " ind2=" ">
    <subfield code="0">0</subfield>
    <subfield code="1">0</subfield>
    <subfield code="2">ddc</subfield>
    <subfield code="4">0</subfield>
    <subfield code="7">0</subfield>
    <subfield code="8">NFIC</subfield>
    <subfield code="a">CUTN</subfield>
    <subfield code="b">CUTN</subfield>
    <subfield code="c">600</subfield>
    <subfield code="d">2025-12-09</subfield>
    <subfield code="l">0</subfield>
    <subfield code="o">613.71 EXE</subfield>
    <subfield code="p">54689</subfield>
    <subfield code="r">2025-12-09 14:30:24</subfield>
    <subfield code="w">2025-12-09</subfield>
    <subfield code="y">BOOKS</subfield>
  </datafield>
</record>
